Theoretical view of cooperation within european foreign policy

Uložené v:
Podrobná bibliografia
Hlavný autor: Hošková, Jana
Médium: Kapitola
Jazyk:English
Tagy: Pridať tag
Žiadne tagy, Buďte prvý, kto otaguje tento záznam!

MARC

LEADER 00000nla$a2200000$$$4500
001 0060764
005 20240502083145.0
041 0 |a eng 
044 |a CZ 
245 1 0 |a Theoretical view of cooperation within european foreign policy  |c Jana Hošková 
100 1 |a Hošková, Jana